| 000 | 00000nam##2200000za#4500 |
| 001 | 9.642620 |
| 003 | CaOODSP |
| 005 | 20210624223807 |
| 007 | cr ||||||||||| |
| 008 | 150407|2014||||xxc|||||o f|0| 0 fre|d |
| 020 | |a978-0-660-21468-9 |
| 040 | |aCaOODSP|bfre |
| 043 | |an-cn--- |
| 086 | 1 |aEn4-233/2013F-PDF |
| 110 | 1 |aCanada. |bEnvironnement Canada. |
| 245 | 10|aProjet d'assainissement de la mine Colomac |h[ressource électronique] |
| 246 | 1 |aPlan d’action pour les sites contaminés fédéraux (PASCF) |
| 260 | |aGatineau - Québec : |bEnvironnement Canada |cc2014. |
| 300 | |a2p.|bphotographies |
| 590 | |a15-13|b2015-03-27 |
| 691 | 07|aIndustrie minière|2gcpds |
| 691 | 07|aDécontamination|2gcpds |
| 691 | 07|aLutte contre la pollution|2gcpds |
| 775 | 08|tColomac Mine remediation project |w(CaOODSP)9.698613 |
| 776 | 0#|tProjet d'assainissement de la mine Colomac |w(CaOODSP)9.678038 |
| 856 | 40|ahttp://publications.gc.ca|qPDF|s935 Ko|uhttps://publications.gc.ca/collections/collection_2015/ec/En4-233-2013-fra.pdf |